NCAA Division I Schools by Initials - Statistics

General Stats
  • This quiz has been taken 27 times
  • The average score is 200 of 364
Answer Stats
Initials School % Correct
UA University of {Arizona}
95%
CU University of {Colorado} Boulder
91%
ASU {Arizona} {State} University
86%
IU {Indiana} University Bloomington
86%
KSU {Kent} State University
86%
UB State University of New York at {Buffalo}
86%
UT The University of {Texas} at Austin
86%
AFA United States {Air} {Force} Academy
86%
UA University of {Arkansas}
86%
UL University of {Louisiana} at Lafayette
86%
UM University of {Michigan}
86%
BC {Boston} College
82%
BU {Boston} University
82%
MSU {Michigan} {State} University
82%
UGA University of {Georgia}
82%
KU University of {Kansas}
82%
MU University of {Missouri}-Columbia
82%
UNC University of {North} {Carolina} at Chapel Hill
82%
UVA University of {Virginia}
82%
VT {Virginia} {Polytechnic} Institute and State University
82%
BGSU {Bowling} {Green} State University
77%
GT {Georgia} Institute of {Technology}
77%
ISU {Indiana} {State} University
77%
JSU {Jackson} State University
77%
KSU {Kansas} {State} University
77%
SUBR {Southern} University and A&M College
77%
SFA {Stephen} {F}. {Austin} State University
77%
OU The {Ohio} University
77%
UA The University of {Alabama}
77%
UTK The University of {Tennessee}, Knoxville
77%
USNA United States {Naval} Academy
77%
UCSD University of California, {San} {Diego}
77%
UF University of {Florida}
77%
UHM University of {Hawai}'{i} at Manoa
77%
UIUC University of {Illinois} Urbana-Champaign
77%
USD University of {San} {Diego}
77%
USC University of {South} {Carolina}
77%
WVU {West} {Virginia} University
77%
YU {Yale} University
77%
BSU {Boise} State University
73%
BYU {Brigham} {Young} University
73%
CSUF California State University, {Fresno}
73%
EKU {Eastern} {Kentucky} University
73%
GU {Georgetown} University
73%
ISU {Iowa} {State} University of Science and Technology
73%
KSU {Kennesaw} State University
73%
RU {Rutgers} University-New Brunswick
73%
SMC {Saint} {Mary}'{s} College of California
73%
UI State University of {Iowa}
73%
SU {Syracuse} University
73%
OSU The {Ohio} {State} University
73%
UM The University of {Mississippi}
73%
UNM The University of {New} {Mexico}
73%
UC University of {California}, Berkeley
73%
UK University of {Kentucky}
73%
UM University of {Maine}
73%
UMD University of {Maryland}, College Park
73%
UNL University of {Nebraska}-Lincoln
73%
UNH University of {New} {Hampshire}
73%
UND University of {North} {Dakota}
73%
OU University of {Oklahoma}
73%
UO University of {Oregon}
73%
URI University of {Rhode} {Island}
73%
USD University of {South} {Dakota}
73%
BU {Baylor} University
68%
CMU {Central} {Michigan} University
68%
CSU {Chicago} State University
68%
CU {Columbia} University in the City of New York
68%
EMU {Eastern} {Michigan} University
68%
FAU {Florida} {Atlantic} University
68%
GSU {Georgia} {State} University
68%
ISU {Illinois} {State} University
68%
JU {Jacksonville} University
68%
JMU {James} {Madison} University
68%
LSU {Louisiana} {State} University and Agricultural and Mechanical College
68%
NU {Northwestern} University
68%
PU {Purdue} University
68%
SJU {Saint} {John}'{s} University
68%
SHSU {Sam} {Houston} State University
68%
UA State University of New York at {Albany}
68%
TAMU {Texas} {A}&{M} University
68%
TSU {Texas} {State} University
68%
TTU {Texas} {Tech} University
68%
GWU The {George} {Washington} University
68%
PSU The {Pennsylvania} {State} University
68%
UVM The University of {Vermont} and State Agricultural College
68%
USMA United States {Military} Academy
68%
UD University of {Delaware}
68%
UH University of {Houston}
68%
UI University of {Idaho}
68%
UIC University of Illinois {Chicago}
68%
UMN University of {Minnesota} Twin Cities
68%
UM University of {Montana}
68%
UNLV University of Nevada, {Las} {Vegas}
68%
UNR University of {Nevada}, Reno
68%
UP University of {Pennsylvania}
68%
USM University of {Southern} {Mississippi}
68%
USF University of {South} {Florida}
68%
UT University of {Toledo}
68%
UU University of {Utah}
68%
UW University of {Washington}
68%
XU {Xavier} University
68%
ASU {Alabama} {State} University
64%
AU {American} University
64%
ASU {Appalachian} State University
64%
HC College of the {Holy} {Cross}
64%
CSU {Colorado} {State} University
64%
DU {Duke} University
64%
ECU {East} {Carolina} University
64%
FIU {Florida} {International} University
64%
FSU {Florida State} University
64%
FU {Fordham} University
64%
HU {Harvard} University
64%
HU {Howard} University
64%
LIU {Long} {Island} University
64%
MSU {Mississippi} {State} University
64%
NMSU {New} {Mexico} {State} University
64%
NCSU {North} {Carolina} {State} University
64%
NDSU {North} {Dakota} {State} University of Agriculture and Applied Sciences
64%
NIU {Northern} {Illinois} University
64%
NKU {Northern} {Kentucky} University
64%
OSU {Oklahoma} {State} University-Stillwater
64%
PU {Princeton} University
64%
SDSU {South} {Dakota} {State} University
64%
TCU {Texas} {Christian} University
64%
W&M The College of {William} and {Mary} in Virginia
64%
UTEP The University of Texas at {El} {Paso}
64%
UTSA The University of Texas at {San} {Antonio}
64%
UAB University of Alabama at {Birmingham}
64%
UCLA University of California, {Los} {Angeles}
64%
UCF University of {Central} {Florida}
64%
UC University of {Connecticut}
64%
DU University of {Denver}
64%
UMA University of {Massachusetts} Amherst
64%
UWGB University of Wisconsin-{Green} {Bay}
64%
UW University of {Wisconsin}-Madison
64%
VU {Vanderbilt} University
64%
WMU {Western} {Michigan} University
64%
ASU {Alcorn} State University
59%
AU {Auburn} University
59%
CSUB California State University, {Bakersfield}
59%
CC College of {Charleston}
59%
DSU {Delaware} {State} University
59%
EIU {Eastern} {Illinois} University
59%
EWU {Eastern} {Washington} University
59%
EU {Elon} University
59%
FAMU {Florida} {Agricultural} and {Mechanical} University
59%
ISU {Idaho} {State} University
59%
MSU {Missouri} {State} University
59%
MSU {Montana} {State} University
59%
NJIT {New} {Jersey} Institute of {Technology}
59%
ODU {Old} {Dominion} University
59%
OSU {Oregon} {State} University
59%
QUC {Queens} University of Charlotte
59%
SLU {Saint} {Louis} University
59%
SDSU {San} {Diego} {State} University
59%
SJSU {San} {Jose} State University
59%
SCSU {South} {Carolina} {State} University
59%
SIU {Southern} {Illinois} University Carbondale
59%
BU State University of New York at {Binghamton}
59%
TU The {Tulane} University of Louisiana
59%
UA The University of {Akron}
59%
UALR University of Arkansas at {Little} {Rock}
59%
UCSB University of California, {Santa} {Barbara}
59%
ULM University of Louisiana at {Monroe}
59%
UNCC University of North Carolina at {Charlotte}
59%
UNT University of {North} {Texas}
59%
ND University of {Notre} {Dame} du Lac
59%
USA University of {South} {Alabama}
59%
USC University of {Southern} {California}
59%
USU {Utah} {State} University
59%
YSU {Youngstown} State University
59%
ACU {Abilene} Christian University
55%
ASU {Arkansas} {State} University
55%
APSU {Austin} {Peay} State University
55%
BSU {Ball} State University
55%
BU {Brown} University
55%
BU {Bucknell} University
55%
CSUF California State University, {Fullerton}
55%
LBSU California State University, {Long} {Beach}
55%
CSUS California State University, {Sacramento}
55%
CU {Cornell} University
55%
ETSU {East} {Tennessee} State University
55%
GSU {Georgia} {Southern} University
55%
GCU {Grand} {Canyon} University
55%
HU {Hampton} University
55%
IUI Indiana University {Indianapolis}
55%
IU {Iona} University
55%
LU {Liberty} University
55%
LTU {Louisiana} {Tech} University
55%
MU {Miami} University
55%
MTSU {Middle} {Tennessee} State University
55%
NAU {Northern} {Arizona} University
55%
ORU {Oral} {Roberts} University
55%
PFW Purdue University {Fort} {Wayne}
55%
TU {Temple} University
55%
TSU {Tennessee} {State} University
55%
TAMU-CC Texas A&M University-{Corpus} {Christi}
55%
UTC The University of Tennessee at {Chattanooga}
55%
UTA The University of Texas at {Arlington}
55%
UTRGV The University of Texas {Rio} {Grande} {Valley}
55%
UCD University of California, {Davis}
55%
UM University of {Miami}
55%
UMKC University of Missouri-{Kansas} {City}
55%
UNO University of Nebraska {Omaha}
55%
UNI University of {Northern} {Iowa}
55%
UNF University of {North} {Florida}
55%
USF University of {San} {Francisco}
55%
USI University of {Southern} {Indiana}
55%
WSU {Washington} {State} University
55%
WIU {Western} {Illinois} University
55%
WKU {Western} {Kentucky} University
55%
BCU {Bethune}-{Cookman} University
50%
CU {Canisius} University
50%
CSU {Cleveland} State University
50%
DC {Dartmouth} College
50%
DU {Drexel} University
50%
DU {Duquesne} University of the Holy Spirit
50%
FGCU {Florida} {Gulf} {Coast} University
50%
GMU {George} {Mason} University
50%
JSU {Jacksonville State} University
50%
SU Leland {Stanford} Junior University
50%
NU {Northeastern} University
50%
PC {Providence} College
50%
SPU {Saint} {Peter}'{s} University
50%
SC {Siena} College
50%
SEMO {Southeast} {Missouri} State University
50%
SMU {Southern} {Methodist} University
50%
SUU {Southern} {Utah} University
50%
CMC The {Citadel} Military College of South Carolina
50%
UAPB University of Arkansas at {Pine} {Bluff}
50%
UL University of {Louisville}
50%
UMBC University of Maryland, {Baltimore} {County}
50%
UML University of Massachusetts {Lowell}
50%
UNA University of {North} {Alabama}
50%
UNCW University of North Carolina at {Wilmington}
50%
UP University of {Pittsburgh}
50%
UWM University of Wisconsin-{Milwaukee}
50%
UTU {Utah} {Tech} University
50%
VMI {Virginia} {Military} Institute
50%
AAMU {Alabama} {Agricultural} and {Mechanical} University
45%
CCSU {Central} {Connecticut} State University
45%
CCU {Coastal} {Carolina} University
45%
CU {Creighton} University
45%
FU {Furman} University
45%
GSU {Grambling} State University
45%
LC {Lafayette} College
45%
LU {Lehigh} University
45%
LMU {Loyola} {Marymount} University
45%
LUC {Loyola} University {Chicago}
45%
MU {Manhattan} University
45%
MC {Marist} College
45%
MSM {Mount} {Saint} {Mary}'{s} University
45%
NCCU {North} {Carolina} {Central} University
45%
OU {Oakland} University
45%
PVAMU {Prairie} {View} A&M University
45%
SJU {Saint} {Joseph}'{s} University
45%
TTU {Tennessee} {Technological} University
45%
UCI University of California, {Irvine}
45%
UCR University of California, {Riverside}
45%
UNCA University of North Carolina at {Asheville}
45%
UP University of {Portland}
45%
UR University of {Richmond}
45%
UW University of {Wyoming}
45%
VU {Valparaiso} University
45%
WCU {Western} {Carolina} University
45%
RU William Marsh {Rice} University
45%
BU {Bryant} University
41%
BU {Butler} University
41%
CSUN California State University, {Northridge}
41%
CU {Colgate} University
41%
CSU {Coppin} State University
41%
GU {Gonzaga} University
41%
HPU {High} {Point} University
41%
HU {Hofstra} University
41%
LSU {La} {Salle} University
41%
LU {Longwood} University
41%
MU {Marshall} University
41%
MVSU {Mississippi} {Valley} State University
41%
NSU {Nicholls} State University
41%
PU {Pepperdine} University
41%
PSU {Portland} {State} University
41%
QU {Quinnipiac} University
41%
SFU {Saint} {Francis} University
41%
SLU {Southeastern} {Louisiana} University
41%
SBU State University of New York at {Stony Brook}
41%
TSU {Texas} {Southern} University
41%
TU The University of {Tulsa}
41%
UD University of {Dayton}
41%
UMES University of Maryland {Eastern} {Shore}
41%
UM University of {Memphis}
41%
UNO University of {New} {Orleans}
41%
UNCG University of North Carolina at {Greensboro}
41%
UP University of the {Pacific}
41%
UWG University of {West} {Georgia}
41%
VU {Villanova} University
41%
VCU {Virginia} {Commonwealth} University
41%
WSU {Weber} State University
41%
WSU {Wichita} State University
41%
WSU {Wright} State University
41%
CP {California} {Polytechnic} State University
36%
GWU {Gardner}-{Webb} University
36%
LU {Lindenwood} University
36%
LUM {Loyola} University {Maryland}
36%
MC {Merrimack} College
36%
NU {Niagara} University
36%
NSU {Norfolk} State University
36%
RU {Rider} University
36%
SBU {Saint} {Bonaventure} University
36%
SCU {Santa} {Clara} University
36%
SHU {Seton} {Hall} University
36%
SIUE Southern Illinois University {Edwardsville}
36%
TSU {Tarleton} State University
36%
TAMUC Texas A&M University-{Commerce}
36%
UTM The University of Tennessee at {Martin}
36%
TU {Troy} University
36%
UCA University of {Central} {Arkansas}
36%
UDM University of {Detroit} {Mercy}
36%
UNC University of {Northern} {Colorado}
36%
UST University of {Saint} {Thomas}
36%
USCU University of South Carolina {Upstate}
36%
UVU {Utah} {Valley} University
36%
WFU {Wake} {Forest} University
36%
WC {Wofford} College
36%
BU {Bradley} University
32%
CU {Clemson} University
32%
DC {Davidson} College
32%
DU {DePaul} University
32%
FDU {Fairleigh} {Dickinson} University
32%
HCU {Houston} {Christian} University
32%
MSU {McNeese} State University
32%
MSU {Morehead} State University
32%
MSU {Murray} State University
32%
NSULA {Northwestern} {State} University of Louisiana
32%
RU {Radford} University
32%
RMU {Robert} {Morris} University
32%
SHU {Sacred} {Heart} University
32%
SU {Seattle} University
32%
UC University of {Cincinnati}
32%
UIW University of the {Incarnate} {Word}
32%
BU {Bellarmine} University
27%
BU {Belmont} University
27%
CU {Campbell} University
27%
CSU {Charleston} {Southern} University
27%
DU {Drake} University
27%
FU {Fairfield} University
27%
LU {Lamar} University
27%
MU {Marquette} University
27%
MU {Mercer} University
27%
MSU {Morgan} State University
27%
NCA&T {North} {Carolina} {Agricultural} and {Technical} State University
27%
PC {Presbyterian} College
27%
SU {Samford} University
27%
TU {Towson} University
27%
UE University of {Evansville}
27%
WU {Winthrop} University
27%
CBU {California} {Baptist} University
23%
LMC {Le} {Moyne} College
23%
LU {Lipscomb} University
23%
WC {Wagner} College
23%
MU {Monmouth} University
18%
SU {Stetson} University
18%
SC {Stonehill} College
18%
MU {Mercyhurst} University
14%
No matching quizzes found
Score Distribution
Percent of People with Each Score
Percentile by Number Answered
Your Score History
You have not taken this quiz